书目信息 |
| 题名: |
电脑组装与维护傻瓜书
|
|
| 作者: | 张夷人 主编 ;黄维真 著 | |
| 分册: | ||
| 出版信息: | 北京 清华大学出版社 1998 |
|
| 页数: | 220页 | |
| 开本: | 26cm | |
| 丛书名: | 电脑神通傻瓜丛书 | |
| 单 册: | ||
| 中图分类: | TP36 | |
| 科图分类: | 73.876 | |
| 主题词: | 微型计算机--维修 , 微型计算机--组装 | |
| 电子资源: | ||
| ISBN: | 7-302-03020-0 | |
| 000 | 00775nam2 2200265 45 | |
| 001 | 0198062621 | |
| 005 | 20070531090041.06 | |
| 010 | @a7-302-03020-0@dCNY21.00 | |
| 100 | @a19981202d1998 em y0chiy0121 ea | |
| 101 | 0 | @achi |
| 102 | @aCN@b110000 | |
| 105 | @ay z 000yy | |
| 200 | 10 | @a电脑组装与维护傻瓜书@Adian nao zu zhuang yu wei hu sha gua shu@f张夷人主编@g黄维真等著 |
| 210 | @a北京@c清华大学出版社@d1998 | |
| 215 | @a220页@d26cm | |
| 225 | 2 | @a电脑神通傻瓜丛书@e新编系列 |
| 410 | 0 | @120010@a电脑神通傻瓜丛书 |
| 606 | @a微型计算机@x维修 | |
| 606 | @a微型计算机@x组装 | |
| 690 | @aTP36@v3 | |
| 692 | @a73.876@v2 | |
| 701 | 0 | @a张夷人@Azhang yi ren@4主编 |
| 702 | 0 | @a黄维真@Ahuang wei zhen@4著 |
| 801 | 0 | @aCN@bNLC@c20070531 |
| 905 | @a10447@dTP36@e387 | |
| 电脑组装与维护傻瓜书/张夷人主编/黄维真等著.-北京:清华大学出版社,1998 |
| 220页;26cm.-(电脑神通傻瓜丛书:新编系列) |
| ISBN 7-302-03020-0:CNY21.00 |
| ● |
| 相关链接 |
|
|
|
|
正题名:电脑组装与维护傻瓜书
索取号:TP36/387
 
预约/预借
| 序号 | 登录号 | 条形码 | 馆藏地/架位号 | 状态 | 备注 |
| 1 | 0401233 | 204012335 | 密集书库/ [索取号:TP36/387] | 在馆 | |
| 2 | 0401234 | 204012344 | 密集书库/ [索取号:TP36/387] | 在馆 | |
| 3 | 0401235 | 204012353 | 密集书库/ [索取号:TP36/387] | 在馆 | |
| 4 | 0401236 | 204012362 | 密集书库/ [索取号:TP36/387] | 在馆 | |
| 5 | 0401237 | 204012371 | 密集书库/ [索取号:TP36/387] | 在馆 | |
| 6 | 0401238 | 204012380 | 密集书库/ [索取号:TP36/387] | 在馆 | |
| 7 | 0401239 | 204012399 | 密集书库/ [索取号:TP36/387] | 在馆 | |
| 8 | 0401240 | 204012406 | 密集书库/ [索取号:TP36/387] | 在馆 | |
| 9 | 0401241 | 204012415 | 密集书库/ [索取号:TP36/387] | 在馆 | |
| 10 | 0401242 | 204012424 | 密集书库/ [索取号:TP36/387] | 在馆 |